| 000 | 00534nam a22001577a 4500 | ||
|---|---|---|---|
| 003 | OSt | ||
| 005 | 20151104162950.0 | ||
| 008 | 151104b xxu||||| |||| 00| 0 eng d | ||
| 040 | _cRUA | ||
| 082 | _aFOR អ៊ូ 1994 B119 Or.1 | ||
| 100 |
_93377 _aអ៊ូរ វណ្ណារ៉េត |
||
| 245 | _aសិក្សាពីតំបន់អភិរក្ស សត្វស្លាប នៅបឹងកាមោគ (បាសិត); | ||
| 260 |
_aPhnom Penh _bRUA _c1994 |
||
| 300 |
_a60p. _bill. _c29cm. |
||
| 942 |
_2ddc _cFOR |
||
| 999 |
_c3150 _d3150 |
||